[Event "Czech Open Rapid 2019"]
[Site "Pardubice"]
[Date "2019.07.18"]
[Round "6.28"]
[White "Ibrahim, Emad Eldin"]
[Black "Shcherbin, Matvei"]
[Result "0-1"]
[WhiteElo "2042"]
[BlackElo "2366"]
[Annotator "NA"]
[PlyCount "68"]
[EventDate "2019.07.17"]
[EventType "swiss"]
[EventCountry "CZE"]
[SourceTitle "playchess.com"]
[Source "ChessBase"]
[SourceQuality "1"]

1. e4 c5 2. Nf3 e6 3. c3 d5 4. exd5 Qxd5 5. d4 Nf6 6. Na3 Nc6 7. Be2 Be7 8. Be3 cxd4 9. Nb5 Qd8 10. Nfxd4 Nxd4 11. Qxd4 Bd7 12. Nxa7 O-O 13. a4 Qa5 14. O-O e5 15. Qb6 Qxb6 16. Bxb6 Nd5 17. a5 Nxb6 18. axb6 Bc5 19. Bb5 Be6 20. Ba4 Bxb6 21. Nb5 Rfd8 22. b3 Rd2 23. Rad1 Bxf2+ 24. Kh1 Rad8 25. Rxd2 Rxd2 26. c4 e4 27. Nc3 f5 28. g4 e3 29. gxf5 Bxf5 30. Kg2 Rc2 31. Nd5 Be4+ 32. Kh3 Bxd5 33. cxd5 e2 34. Rxf2 Rc3+ 0-1

[Event "Czech Open Rapid 2019"]
[Site "Pardubice"]
[Date "2019.07.18"]
[Round "6.29"]
[White "Sarkar, Justin"]
[Black "Poleg, Matan"]
[Result "0-1"]
[WhiteElo "2389"]
[BlackElo "2226"]
[Annotator "NA"]
[PlyCount "38"]
[EventDate "2019.07.17"]
[EventType "swiss"]
[EventCountry "CZE"]
[SourceTitle "playchess.com"]
[Source "ChessBase"]
[SourceQuality "1"]

1. e4 e5 2. Nc3 Bc5 3. Qg4 Nf6 4. Qg3 Nc6 5. Bc4 O-O 6. Nge2 Nd4 7. Bd3 d5 8. exd5 e4 9. Nxd4 exd3 10. Qxd3 Nxd5 11. Nce2 Nb4 12. Qc4 Bxd4 13. Qxb4 Re8 14. d3 Qf6 15. Rf1 Qe5 16. Be3 Bxe3 17. fxe3 Qxe3 18. Qd2 Bg4 19. Rf2 Qb6 0-1

[Event "Czech Open Rapid 2019"]
[Site "Pardubice"]
[Date "2019.07.18"]
[Round "6.29"]
[White "Roskova, Katerina"]
[Black "Zdrazil, Tomas"]
[Result "0-1"]
[WhiteElo "1972"]
[BlackElo "2130"]
[Annotator "NA"]
[PlyCount "72"]
[EventDate "2019.07.17"]
[EventType "swiss"]
[EventCountry "CZE"]
[SourceTitle "playchess.com"]
[Source "ChessBase"]
[SourceQuality "1"]

1. d4 Nf6 2. Nf3 g6 3. g3 Bg7 4. Bg2 O-O 5. O-O d5 6. c4 c6 7. Nc3 dxc4 8. Ne5 Ng4 9. Nxg4 Bxg4 10. Be3 Nd7 11. d5 cxd5 12. Qxd5 Be6 13. Qxb7 Rb8 14. Qxa7 Rxb2 15. Bd4 Bxd4 16. Qxd4 Rb6 17. Rfd1 Rd6 18. Qe3 Rxd1+ 19. Rxd1 Qa5 20. Bd5 Bh3 21. Ne4 Qa4 22. Qd4 e5 23. Qd2 Nb6 24. Ng5 Nxd5 25. Qxd5 Bf5 26. e4 Bg4 27. f3 Bc8 28. Rc1 h6 29. Rxc4 Qa7+ 30. Rc5 hxg5 31. Qxe5 Qxa2 32. Qxg5 Qb1+ 33. Kg2 Qb2+ 34. Kf1 Bh3+ 35. Ke1 Ra8 36. Qc1 Ra1 0-1

[Event "Czech Open Rapid 2019"]
[Site "Pardubice"]
[Date "2019.07.18"]
[Round "6.30"]
[White "Castrillon Gomez, Melissa"]
[Black "Flajsman, Pavel"]
[Result "1/2-1/2"]
[WhiteElo "2245"]
[BlackElo "1917"]
[Annotator "NA"]
[PlyCount "98"]
[EventDate "2019.07.17"]
[EventType "swiss"]
[EventCountry "CZE"]
[SourceTitle "playchess.com"]
[Source "ChessBase"]
[SourceQuality "1"]

1. d4 Nf6 2. c4 e6 3. Nf3 d5 4. Nc3 Bb4 5. Bg5 Nbd7 6. e3 c5 7. cxd5 exd5 8. Qb3 Qa5 9. Bxf6 Nxf6 10. dxc5 O-O 11. Nd2 Qxc5 12. Rc1 d4 13. exd4 Re8+ 14. Be2 Qxd4 15. Qc4 Qxc4 16. Nxc4 Nd5 17. Kf1 Nxc3 18. bxc3 Bc5 19. Nd2 Be6 20. Nb3 Bxb3 21. axb3 Rad8 22. Rc2 Re7 23. h4 Red7 24. Rh3 Rd2 25. Rxd2 Rxd2 26. b4 Bb6 27. Rf3 Kf8 28. g4 Rd7 29. c4 Bd8 30. h5 Be7 31. b5 Rd4 32. Rb3 Bc5 33. Kg2 Rf4 34. f3 h6 35. Bd3 Rd4 36. Kf1 Ke7 37. Ke2 Kf6 38. Rc3 g6 39. hxg6 fxg6 40. Be4 Rd7 41. Bd5 Re7+ 42. Be4 Rd7 43. Rc1 Kg5 44. Rh1 Bb4 45. Bd5 Re7+ 46. Kd3 Bc5 47. Be4 Rd7+ 48. Bd5 Re7 49. Be4 Rd7+ 1/2-1/2

[Event "Czech Open Rapid 2019"]
[Site "Pardubice"]
[Date "2019.07.18"]
[Round "6.30"]
[White "Yakimenko, Alexander A."]
[Black "Maiorov, Nikita"]
[Result "1-0"]
[WhiteElo "2057"]
[BlackElo "2522"]
[Annotator "TA"]
[PlyCount "106"]
[EventDate "2019.07.17"]
[EventType "swiss"]
[EventCountry "CZE"]
[SourceTitle "playchess.com"]
[Source "ChessBase"]
[SourceQuality "1"]

1. e4 c5 2. Nc3 Nc6 3. f4 g6 4. Nf3 Bg7 5. Bc4 d6 6. d3 e6 7. O-O Nge7 8. a3 O-O 9. Qe1 Nd4 10. Nxd4 cxd4 11. Ne2 d5 12. Ba2 dxe4 13. dxe4 d3 14. cxd3 Qxd3 15. Nc3 Bd7 16. Bb1 Qa6 17. Be3 Rac8 18. Qf2 b6 19. Rd1 Qb7 20. Bd3 Rfe8 21. Rac1 Bc6 22. Bd4 Rcd8 23. Bxg7 Kxg7 24. Qe2 Rd4 25. Bc2 Red8 26. Qe3 Rxd1+ 27. Rxd1 Rxd1+ 28. Nxd1 Qd7 29. Qc3+ f6 30. Ne3 Qd6 31. e5 fxe5 32. fxe5 Qc5 33. Qxc5 bxc5 34. Kf2 Bd5 35. h4 Nc6 36. Ng4 h5 37. Nf6 Nxe5 38. Ne8+ Kh6 39. Nd6 Ng4+ 40. Kg3 Ne3 41. Be4 c4 42. Kf4 Nxg2+ 43. Bxg2 Bxg2 44. Nxc4 Kg7 45. Kg5 Be4 46. b4 Bc2 47. Ne5 Be4 48. b5 Bc2 49. Nc6 e5 50. Nxa7 Be4 51. Nc6 Bd3 52. b6 Ba6 53. Nxe5 Bc8 1-0

[Event "Czech Open Rapid 2019"]
[Site "Pardubice"]
[Date "2019.07.18"]
[Round "6.31"]
[White "Lederman, Leon"]
[Black "Ludvik, Tomas"]
[Result "1-0"]
[WhiteElo "2238"]
[BlackElo "2334"]
[Annotator "TA"]
[PlyCount "123"]
[EventDate "2019.07.17"]
[EventType "swiss"]
[EventCountry "CZE"]
[SourceTitle "playchess.com"]
[Source "ChessBase"]
[SourceQuality "1"]

1. e4 c5 2. Nf3 d6 3. d4 cxd4 4. Nxd4 Nf6 5. Nc3 a6 6. f4 e5 7. Nf3 Nbd7 8. Bd3 Be7 9. O-O O-O 10. Qe1 Qc7 11. fxe5 Nxe5 12. Nxe5 dxe5 13. Bg5 Be6 14. Kh1 Ng4 15. Bxe7 Qxe7 16. h3 Nf6 17. Qg3 Nd7 18. Nd5 Bxd5 19. exd5 g6 20. c4 Rac8 21. a3 a5 22. b3 e4 23. Be2 f5 24. Qc3 b6 25. b4 Ne5 26. Qd4 Qd6 27. Rfc1 Nd7 28. Rab1 axb4 29. axb4 Rfe8 30. Rc3 Rc7 31. Ra3 Rec8 32. Ra6 Qg3 33. d6 Rc6 34. c5 Qe5 35. Qxe5 Nxe5 36. cxb6 Rb8 37. Rd1 Nd7 38. Ra7 Nxb6 39. Rc7 Rc8 40. Rxc6 Rxc6 41. d7 Nxd7 42. Rxd7 Rc2 43. Ba6 e3 44. Kg1 Rb2 45. Bc4+ Kf8 46. b5 Rc2 47. Bd3 Rc1+ 48. Kh2 Rd1 49. b6 e2 50. b7 Rh1+ 51. Kxh1 e1=Q+ 52. Kh2 Qe5+ 53. Kg1 Qe1+ 54. Bf1 Qe3+ 55. Kh1 Qb6 56. Bc4 Ke8 57. Rxh7 Qb1+ 58. Kh2 Kd8 59. Rh8+ Kc7 60. b8=Q+ Qxb8 61. Rxb8 Kxb8 62. Kg3 1-0

[Event "Czech Open Rapid 2019"]
[Site "Pardubice"]
[Date "2019.07.18"]
[Round "6.31"]
[White "Kopriva, Martin"]
[Black "Chrz, Pavel"]
[Result "1-0"]
[WhiteElo "2031"]
[BlackElo "1985"]
[Annotator "NA RC"]
[PlyCount "119"]
[EventDate "2019.07.17"]
[EventType "swiss"]
[EventCountry "CZE"]
[SourceTitle "playchess.com"]
[Source "ChessBase"]
[SourceQuality "1"]

1. e4 c5 2. d4 cxd4 3. Nf3 Nc6 4. c3 d5 5. exd5 Qxd5 6. cxd4 e5 7. dxe5 Qxd1+ 8. Kxd1 Bg4 9. Be2 O-O-O+ 10. Kc2 Bxf3 11. Bxf3 Nxe5 12. Be2 Nf6 13. Nc3 Bc5 14. Bf4 Ng6 15. Bg3 h5 16. h4 Rhe8 17. Rac1 Bd6 18. Kb1 Bxg3 19. fxg3 Kb8 20. Rhe1 Ne5 21. Bb5 Re7 22. Re2 a6 23. Ba4 Nfg4 24. Rce1 Rd3 25. Bc2 Rd8 26. Bf5 f6 27. Kc2 Rc7 28. Rd2 Rxd2+ 29. Kxd2 Nc4+ 30. Kc1 Nge5 31. Kc2 Nc6 32. Re8+ Ka7 33. Nd5 Rf7 34. Be6 Nd4+ 35. Kd3 Nxe6 36. Kxc4 Nc7 37. Re7 Rxe7 38. Nxe7 Kb8 39. Nf5 g6 40. Ne7 g5 41. Ng8 gxh4 42. gxh4 Ne6 43. Nxf6 Nf4 44. g3 Ne2 45. Nxh5 Kc7 46. Kd3 Nc1+ 47. Kd4 Nxa2 48. Nf4 Kd6 49. g4 Nb4 50. h5 Ke7 51. g5 Nc6+ 52. Kc5 Ne5 53. Ng6+ Nxg6 54. hxg6 Kf8 55. Kb6 Kg7 56. Kxb7 a5 57. Kb6 a4 58. Kb5 a3 59. bxa3 Kxg6 60. a4 1-0

[Event "Czech Open Rapid 2019"]
[Site "Pardubice"]
[Date "2019.07.18"]
[Round "6.32"]
[White "Ter-Saakian, Grigorii"]
[Black "Zdrazil, Jan"]
[Result "0-1"]
[WhiteElo "2338"]
[BlackElo "1967"]
[Annotator "TA"]
[PlyCount "90"]
[EventDate "2019.07.17"]
[EventType "swiss"]
[EventCountry "CZE"]
[SourceTitle "playchess.com"]
[Source "ChessBase"]
[SourceQuality "1"]

1. e4 c5 2. a3 d5 3. exd5 Qxd5 4. Nc3 Qd8 5. Nf3 Nf6 6. h3 e6 7. Bb5+ Bd7 8. Bxd7+ Qxd7 9. d4 Nc6 10. Be3 cxd4 11. Nxd4 Rd8 12. Nf3 Qc7 13. Qe2 a6 14. O-O Be7 15. Rfd1 O-O 16. Rxd8 Rxd8 17. Rd1 h6 18. Rxd8+ Qxd8 19. Qd2 Qc7 20. Nd4 Nxd4 21. Qxd4 Qc6 22. Qb6 Qc8 23. Qd4 Qc6 24. Qd3 Qc7 25. Bd4 Qc6 26. a4 Nd5 27. Nxd5 Qxd5 28. b3 Bc5 29. Bc3 Qxd3 30. cxd3 g6 31. Kf1 Kf8 32. Ke2 Ke7 33. d4 Bd6 34. Kd3 Kd7 35. Bd2 Bf8 36. Ke4 Kc6 37. g4 Bg7 38. f3 f5+ 39. Kd3 Kd5 40. Be3 Bf8 41. Kc3 g5 42. f4 Ke4 43. Kd2 gxf4 44. Bf2 fxg4 45. hxg4 Bb4+ 0-1

[Event "Czech Open Rapid 2019"]
[Site "Pardubice"]
[Date "2019.07.18"]
[Round "6.32"]
[White "Mogilny, Evgeny"]
[Black "Chubar, Vladimir"]
[Result "1-0"]
[WhiteElo "2298"]
[BlackElo "1927"]
[Annotator "NA"]
[PlyCount "137"]
[EventDate "2019.07.17"]
[EventType "swiss"]
[EventCountry "CZE"]
[SourceTitle "playchess.com"]
[Source "ChessBase"]
[SourceQuality "1"]

1. d4 Nf6 2. Nf3 e6 3. Bf4 c5 4. c3 Qb6 5. Qb3 Nc6 6. e3 d5 7. Nbd2 Be7 8. Be2 Nh5 9. Bg3 Nxg3 10. hxg3 Qc7 11. Qc2 cxd4 12. Nxd4 Nxd4 13. exd4 g6 14. f4 O-O 15. Nf3 f6 16. Bd3 Rf7 17. O-O-O Bd7 18. Rh2 Rg7 19. Rdh1 Rc8 20. Kb1 a6 21. Rh6 Be8 22. Nh4 b5 23. Nxg6 f5 24. Ne5 Bd7 25. g4 Bd6 26. gxf5 Bxe5 27. fxe5 exf5 28. Bxf5 Bxf5 29. Qxf5 Rf8 30. Qe6+ Kh8 31. Qxd5 b4 32. c4 Qc8 33. Qe4 Qf5 34. Qxf5 Rxf5 35. g4 Rf4 36. g5 Rxd4 37. g6 Rxc4 38. Rxh7+ Rxh7 39. Rxh7+ Kg8 40. Ra7 Re4 41. Rxa6 Rxe5 42. Kc2 Kg7 43. Kb3 Re4 44. Ka4 Re2 45. Kxb4 Rxb2+ 46. Kc4 Rc2+ 47. Kb3 Rg2 48. a4 Rg3+ 49. Kc4 Rg4+ 50. Kd5 Rg5+ 51. Ke4 Rg4+ 52. Kf5 Rg1 53. Ra7+ Kg8 54. a5 Rf1+ 55. Ke6 Re1+ 56. Kd6 Rg1 57. g7 Rg6+ 58. Ke5 Rg5+ 59. Kf6 Rg6+ 60. Kf5 Rg1 61. a6 Rf1+ 62. Ke6 Re1+ 63. Kd7 Kxg7 64. Kc8+ Kf6 65. Rd7 Rc1+ 66. Rc7 Ra1 67. a7 Ke6 68. Kb8 Rb1+ 69. Rb7 1-0

[Event "Czech Open Rapid 2019"]
[Site "Pardubice"]
[Date "2019.07.18"]
[Round "6.33"]
[White "Rakshitta Ravi"]
[Black "Soural, Jan"]
[Result "1/2-1/2"]
[WhiteElo "2112"]
[BlackElo "2196"]
[Annotator "NA"]
[PlyCount "112"]
[EventDate "2019.07.17"]
[EventType "swiss"]
[EventCountry "CZE"]
[SourceTitle "playchess.com"]
[Source "ChessBase"]
[SourceQuality "1"]

1. e4 c5 2. Nc3 Nc6 3. Bb5 Nd4 4. Bc4 e6 5. Nf3 Ne7 6. O-O Nec6 7. Nxd4 cxd4 8. Ne2 Ne5 9. Bb3 d3 10. Nf4 dxc2 11. Bxc2 Be7 12. d4 Ng6 13. Qe2 O-O 14. Nh5 d6 15. f4 f5 16. Bb3 d5 17. exd5 exd5 18. Re1 b6 19. Ng3 Bh4 20. Qf3 Bb7 21. Bd2 Qd7 22. Qd3 a5 23. a4 Bxg3 24. Qxg3 Rfe8 25. Qf3 Kh8 26. Bc2 Ba6 27. Qh5 Rf8 28. b4 Rac8 29. Rac1 axb4 30. Bxb4 Rf6 31. Qf3 Rfc6 32. Bxf5 Qxf5 33. Rxc6 Rxc6 34. Re8+ Nf8 35. Rxf8+ Qxf8 36. Bxf8 Rc1+ 37. Kf2 Rf1+ 38. Ke3 Rxf3+ 39. Kxf3 Bc4 40. Bd6 Bb3 41. Bc7 Bxa4 42. Bxb6 Kg8 43. f5 Kf7 44. Kf4 Bb3 45. g4 Bd1 46. h4 g6 47. fxg6+ hxg6 48. Kg5 Bc2 49. Bc7 Bd3 50. Be5 Bc2 51. Bg3 Be4 52. Kf4 Bc2 53. Ke5 Be4 54. Bf4 Bf3 55. h5 gxh5 56. gxh5 Bxh5 1/2-1/2

[Event "Czech Open Rapid 2019"]
[Site "Pardubice"]
[Date "2019.07.18"]
[Round "6.33"]
[White "Svizensky, Lubos"]
[Black "Brozka, Karel"]
[Result "1/2-1/2"]
[WhiteElo "1945"]
[BlackElo "1816"]
[Annotator "NA"]
[PlyCount "45"]
[EventDate "2019.07.17"]
[EventType "swiss"]
[EventCountry "CZE"]
[SourceTitle "playchess.com"]
[Source "ChessBase"]
[SourceQuality "1"]

1. d4 Nf6 2. Nf3 g6 3. c4 c5 4. e3 Bg7 5. Nc3 O-O 6. Be2 d6 7. O-O Bg4 8. h3 Bd7 9. a3 a5 10. b3 Nc6 11. Bb2 b6 12. d5 Ne5 13. Nxe5 dxe5 14. e4 Ne8 15. Nb5 Nd6 16. f3 Qc8 17. Kh2 Qb7 18. Qd2 Bxb5 19. cxb5 a4 20. b4 Rfc8 21. Rac1 c4 22. Rc2 Qd7 23. Qg5 1/2-1/2

[Event "Czech Open Rapid 2019"]
[Site "Pardubice"]
[Date "2019.07.18"]
[Round "6.34"]
[White "Blatny, Pavel"]
[Black "Odler, Daniel"]
[Result "1-0"]
[WhiteElo "2321"]
[BlackElo "2047"]
[Annotator "NA"]
[PlyCount "61"]
[EventDate "2019.07.17"]
[EventType "swiss"]
[EventCountry "CZE"]
[SourceTitle "playchess.com"]
[Source "ChessBase"]
[SourceQuality "1"]

1. b3 d5 2. e3 Bf5 3. Bb2 Nf6 4. f4 h6 5. Be2 e6 6. Nf3 Be7 7. O-O O-O 8. Ne5 Nbd7 9. g4 Bh7 10. d3 Nxe5 11. Bxe5 Nd7 12. Bb2 c5 13. Nd2 Bf6 14. Bxf6 Qxf6 15. Nf3 Rac8 16. Qe1 c4 17. bxc4 dxc4 18. Qg3 cxd3 19. cxd3 Rc2 20. Nd4 Rc3 21. Rad1 Ra3 22. Rd2 Nc5 23. g5 hxg5 24. fxg5 Qd8 25. Qh4 e5 26. Rf3 Ne6 27. Nxe6 fxe6 28. Rh3 Bf5 29. Bg4 Rxd3 30. Bxf5 Rxd2 31. Bxe6+ 1-0

[Event "Czech Open Rapid 2019"]
[Site "Pardubice"]
[Date "2019.07.18"]
[Round "6.34"]
[White "Eliseev, Sergey"]
[Black "Korchagin, Oleg"]
[Result "0-1"]
[WhiteElo "2053"]
[BlackElo "2056"]
[Annotator "NA"]
[PlyCount "50"]
[EventDate "2019.07.17"]
[EventType "swiss"]
[EventCountry "CZE"]
[SourceTitle "playchess.com"]
[Source "ChessBase"]
[SourceQuality "1"]

1. d4 f5 2. Nf3 Nf6 3. Bf4 e6 4. e3 Be7 5. h3 d6 6. c4 a5 7. Nc3 Na6 8. a3 c6 9. b4 axb4 10. axb4 O-O 11. Bd3 e5 12. dxe5 dxe5 13. Nxe5 Bxb4 14. Qb3 Nc5 15. Qb2 Rxa1+ 16. Qxa1 Nxd3+ 17. Ke2 Nxf4+ 18. exf4 Qd4 19. Na2 Qe4+ 20. Kf1 Bc5 21. Nc3 Qxf4 22. Nd3 Qxc4 23. Ke2 Re8+ 24. Kd2 Rd8 25. Qb1 Ne4+ 0-1

[Event "Czech Open Rapid 2019"]
[Site "Pardubice"]
[Date "2019.07.18"]
[Round "6.35"]
[White "Potapov, Alexander"]
[Black "Lymar, Vladislav"]
[Result "1-0"]
[WhiteElo "2409"]
[BlackElo "2024"]
[Annotator "NA"]
[PlyCount "77"]
[EventDate "2019.07.17"]
[EventType "swiss"]
[EventCountry "CZE"]
[SourceTitle "playchess.com"]
[Source "ChessBase"]
[SourceQuality "1"]

1. d4 Nf6 2. c4 e6 3. Nc3 Bb4 4. g3 Ne4 5. Qd3 f5 6. Bg2 Bxc3+ 7. bxc3 Nd6 8. c5 Nf7 9. Rb1 Nc6 10. Nh3 O-O 11. O-O Qe8 12. e4 d6 13. Ba3 Qd8 14. cxd6 cxd6 15. exf5 exf5 16. Nf4 Qa5 17. c4 Qa6 18. Bd5 Ne7 19. Rfe1 Nxd5 20. Nxd5 Qa5 21. Re7 f4 22. Rbe1 Bg4 23. f3 Bh5 24. Bb4 Qxa2 25. g4 Bg6 26. Qc3 Rac8 27. Nc7 Ng5 28. R7e2 Qa4 29. Nd5 Kh8 30. h4 Nxf3+ 31. Qxf3 Rxc4 32. Bxd6 Rd8 33. Be5 Qc6 34. h5 Bf7 35. Qxf4 Bxd5 36. h6 Rc2 37. hxg7+ Kg8 38. Rf1 Bf3 39. Rxf3 1-0

[Event "Czech Open Rapid 2019"]
[Site "Pardubice"]
[Date "2019.07.18"]
[Round "6.35"]
[White "Juchelka, Petr"]
[Black "Dolensky, Filip"]
[Result "0-1"]
[WhiteElo "1691"]
[BlackElo "1609"]
[Annotator "NA"]
[PlyCount "62"]
[EventDate "2019.07.17"]
[EventType "swiss"]
[EventCountry "CZE"]
[SourceTitle "playchess.com"]
[Source "ChessBase"]
[SourceQuality "1"]

1. e4 c5 2. Nf3 a6 3. d4 cxd4 4. Nxd4 Nf6 5. Nc3 e5 6. Nf3 Bb4 7. Bd3 Qc7 8. Bd2 d6 9. O-O Bxc3 10. Bxc3 O-O 11. Rc1 Nbd7 12. Re1 Nc5 13. Bb4 b5 14. Qd2 Bb7 15. Bxc5 dxc5 16. c4 Rfd8 17. Qc2 b4 18. Red1 Nh5 19. g3 f5 20. Kg2 Nf6 21. Nd2 Rd4 22. f3 Rad8 23. Nb3 fxe4 24. Nxd4 Rxd4 25. Bxe4 Rxe4 26. Rd5 Nxd5 27. cxd5 Rd4 28. Re1 Bxd5 29. Qf5 Qf7 30. Rxe5 Rd2+ 31. Kh3 Qxf5+ 0-1

[Event "Czech Open Rapid 2019"]
[Site "Pardubice"]
[Date "2019.07.18"]
[Round "6.36"]
[White "Skliba, Martin"]
[Black "Dovzhenko, Viktor"]
[Result "1-0"]
[WhiteElo "2306"]
[BlackElo "2100"]
[Annotator "NA"]
[PlyCount "75"]
[EventDate "2019.07.17"]
[EventType "swiss"]
[EventCountry "CZE"]
[SourceTitle "playchess.com"]
[Source "ChessBase"]
[SourceQuality "1"]

1. d4 g6 2. c4 Bg7 3. Nf3 d6 4. Nc3 e5 5. e4 Nd7 6. d5 Ngf6 7. Be3 O-O 8. h3 Nh5 9. g3 a5 10. Be2 f5 11. exf5 gxf5 12. Ng5 f4 13. Ne6 fxe3 14. Nxd8 exf2+ 15. Kd2 Nxg3 16. Ne6 Bh6+ 17. Kc2 Rf7 18. Qd3 Nxh1 19. Rxh1 Nc5 20. Qg3+ Kh8 21. Nxc5 dxc5 22. Qxe5+ Bg7 23. Qg3 Bf5+ 24. Bd3 Raf8 25. Bxf5 Rxf5 26. Rf1 Rf3 27. Qxc7 Bd4 28. d6 Rg3 29. d7 Rgg8 30. Ne2 Bg7 31. Qxc5 Rd8 32. Qe7 Bh6 33. Rxf2 Bg5 34. Qe5+ Rg7 35. Rf7 Rdg8 36. Rxg7 Rxg7 37. Nf4 Bd8 38. Ne6 1-0

[Event "Czech Open Rapid 2019"]
[Site "Pardubice"]
[Date "2019.07.18"]
[Round "6.37"]
[White "Hagemann, Sven"]
[Black "Varitski, Igor"]
[Result "1-0"]
[WhiteElo "2014"]
[BlackElo "2199"]
[Annotator "NA"]
[PlyCount "115"]
[EventDate "2019.07.17"]
[EventType "swiss"]
[EventCountry "CZE"]
[SourceTitle "playchess.com"]
[Source "ChessBase"]
[SourceQuality "1"]

1. e4 c6 2. d4 d5 3. Nc3 dxe4 4. Nxe4 Bf5 5. Ng3 Bg6 6. Nf3 Nd7 7. h4 h6 8. Bd3 Bxd3 9. Qxd3 e6 10. Bd2 Ngf6 11. Ne4 Nxe4 12. Qxe4 Nf6 13. Qe2 Be7 14. O-O-O Qd5 15. Kb1 Qe4 16. Be3 Ng4 17. Nd2 Qf5 18. f3 Nxe3 19. Qxe3 O-O-O 20. g4 Qb5 21. Nb3 Rd7 22. Qe4 Rhd8 23. h5 a5 24. Rd3 a4 25. Nc1 a3 26. b3 c5 27. dxc5 Qxc5 28. Rhd1 Rxd3 29. Rxd3 Rxd3 30. Qxd3 Bg5 31. Ne2 Qf2 32. Qc3+ Kd7 33. Qd4+ Qxd4 34. Nxd4 Kd6 35. c4 Ke5 36. Ne2 g6 37. Kc2 gxh5 38. gxh5 Be7 39. Kd3 Kf5 40. Kd4 Kg5 41. c5 Kxh5 42. b4 Kg5 43. b5 h5 44. c6 bxc6 45. bxc6 Bd8 46. Ke4 h4 47. Ng1 f5+ 48. Ke5 Bc7+ 49. Kxe6 Kf4 50. Kd7 Bb6 51. Ke6 Kg3 52. Kxf5 Kg2 53. Kg4 Kxg1 54. Kxh4 Kf2 55. f4 Ke3 56. f5 Ke4 57. f6 Bd8 58. Kh5 1-0

[Event "Czech Open Rapid 2019"]
[Site "Pardubice"]
[Date "2019.07.18"]
[Round "6.38"]
[White "Rosko, Lubos"]
[Black "Medvedyk, Volodymyr"]
[Result "1-0"]
[WhiteElo "2309"]
[BlackElo "2197"]
[Annotator "NA"]
[PlyCount "83"]
[EventDate "2019.07.17"]
[EventType "swiss"]
[EventCountry "CZE"]
[SourceTitle "playchess.com"]
[Source "ChessBase"]
[SourceQuality "1"]

1. d4 Nf6 2. Bf4 d5 3. e3 g6 4. c4 Bg7 5. Nc3 O-O 6. Qb3 c6 7. cxd5 cxd5 8. Nf3 Nc6 9. h3 a6 10. Be2 b5 11. O-O Na5 12. Qd1 Nc4 13. b3 Nd6 14. Ne5 Qb6 15. a4 Nde4 16. Nxe4 Nxe4 17. axb5 Nc3 18. Qd2 Nxe2+ 19. Qxe2 Bxe5 20. Bxe5 f6 21. Bf4 Bd7 22. Rfc1 Bxb5 23. Qf3 Bc6 24. Rc5 e5 25. Bh6 e4 26. Qg4 Rfe8 27. Rac1 Rac8 28. h4 Qb7 29. Qf4 Re6 30. R1c3 Kf7 31. h5 Qc7 32. Qg4 f5 33. Qh3 Qd7 34. Bf4 Kg8 35. Be5 Qe8 36. hxg6 Qxg6 37. Rxd5 Bxd5 38. Rxc8+ Re8 39. Rxe8+ Qxe8 40. Qxf5 Bxb3 41. Qg5+ Kf7 42. Qf6+ 1-0

[Event "Czech Open Rapid 2019"]
[Site "Pardubice"]
[Date "2019.07.18"]
[Round "6.39"]
[White "Jires, Jiri"]
[Black "Escobar Medina, Andres F"]
[Result "0-1"]
[WhiteElo "2096"]
[BlackElo "2296"]
[Annotator "NA"]
[PlyCount "72"]
[EventDate "2019.07.17"]
[EventType "swiss"]
[EventCountry "CZE"]
[SourceTitle "playchess.com"]
[Source "ChessBase"]
[SourceQuality "1"]

1. e4 g6 2. d4 Bg7 3. f4 d6 4. Nf3 Nf6 5. Nc3 c5 6. e5 Nfd7 7. exd6 cxd4 8. Nxd4 O-O 9. Be3 exd6 10. Qd2 Nc6 11. O-O-O Nf6 12. Nxc6 bxc6 13. Qxd6 Qa5 14. Qc5 Qc7 15. Qd6 Qb7 16. Bd4 Be6 17. Be5 Rab8 18. Na4 Ne4 19. Qd4 Bxe5 20. fxe5 c5 21. Qe3 Qb4 22. b3 Qa3+ 23. Nb2 Qxa2 24. Qxe4 Qa1+ 25. Kd2 Qxb2 26. Bc4 Bxc4 27. bxc4 Rfe8 28. Rhe1 a5 29. Re3 a4 30. Qf3 Rxe5 31. Rf1 Rf5 32. Qe2 Rd8+ 33. Rd3 Qb4+ 34. Kc1 Rxd3 35. Rxf5 Qa3+ 36. Kb1 Rd8 0-1

[Event "Czech Open Rapid 2019"]
[Site "Pardubice"]
[Date "2019.07.18"]
[Round "6.40"]
[White "Babicka, Michal"]
[Black "Freisler, Pavel"]
[Result "1/2-1/2"]
[WhiteElo "2005"]
[BlackElo "2261"]
[Annotator "NA"]
[PlyCount "66"]
[EventDate "2019.07.17"]
[EventType "swiss"]
[EventCountry "CZE"]
[SourceTitle "playchess.com"]
[Source "ChessBase"]
[SourceQuality "1"]

1. Nf3 Nf6 2. c4 e6 3. g3 a6 4. Bg2 b5 5. b3 Bb7 6. O-O c5 7. Bb2 Be7 8. e3 d5 9. cxd5 exd5 10. d4 c4 11. Ne5 Qb6 12. Nc3 O-O 13. Ng4 Nbd7 14. Nxf6+ Nxf6 15. Rb1 b4 16. Na4 Qb5 17. bxc4 dxc4 18. Bxb7 Qxb7 19. Qc2 Rfc8 20. Nc5 Bxc5 21. dxc5 Qe4 22. Rfc1 c3 23. Ba1 Rxc5 24. Qxe4 Nxe4 25. Rxb4 f5 26. f3 Nd2 27. Rxc3 Nxf3+ 28. Kg2 Rxc3 29. Bxc3 Rc8 30. Kxf3 Rxc3 31. Rb8+ Kf7 32. Rb7+ Kf8 33. Rb8+ Kf7 1/2-1/2

[Event "Czech Open Rapid 2019"]
[Site "Pardubice"]
[Date "2019.07.18"]
[Round "6.41"]
[White "Polak, Benedikt"]
[Black "Gagare, Shalmali"]
[Result "1/2-1/2"]
[WhiteElo "2170"]
[BlackElo "2058"]
[Annotator "NA"]
[PlyCount "63"]
[EventDate "2019.07.17"]
[EventType "swiss"]
[EventCountry "CZE"]
[SourceTitle "playchess.com"]
[Source "ChessBase"]
[SourceQuality "1"]

1. c4 e5 2. Nc3 Bb4 3. Qc2 Nf6 4. Nf3 Nc6 5. e3 O-O 6. Nd5 Be7 7. a3 d6 8. Nxe7+ Qxe7 9. d3 h6 10. Be2 Bf5 11. O-O Bh7 12. b4 e4 13. dxe4 Nxe4 14. Bd3 f5 15. Bb2 Ne5 16. Nxe5 dxe5 17. c5 Rae8 18. f3 Ng5 19. Rad1 Kh8 20. f4 exf4 21. exf4 Ne4 22. Be5 Rd8 23. Bc4 Bg8 24. Bxg8 Rxg8 25. Qe2 Rxd1 26. Rxd1 Rd8 27. h3 Kh7 28. Rxd8 Qxd8 29. Qh5 g6 30. Qe2 c6 31. Ba1 Qd2 32. Qd1 1/2-1/2

[Event "Czech Open Rapid 2019"]
[Site "Pardubice"]
[Date "2019.07.18"]
[Round "6.42"]
[White "Nemec, Jachym"]
[Black "Fedotov, Konstantin"]
[Result "0-1"]
[WhiteElo "1927"]
[BlackElo "2020"]
[Annotator "NA RC"]
[PlyCount "114"]
[EventDate "2019.07.17"]
[EventType "swiss"]
[EventCountry "CZE"]
[SourceTitle "playchess.com"]
[Source "ChessBase"]
[SourceQuality "1"]

1. e4 c5 2. Nf3 d6 3. d4 cxd4 4. Nxd4 Nf6 5. Nc3 g6 6. f3 Bg7 7. Be3 Nc6 8. Qd2 O-O 9. O-O-O Bd7 10. h4 Ne5 11. h5 gxh5 12. Bh6 Ng6 13. Bxg7 Kxg7 14. Nd5 Nxd5 15. exd5 h4 16. Bd3 Rh8 17. Nf5+ Bxf5 18. Bxf5 Qc7 19. Qd4+ f6 20. Rde1 Rae8 21. Be6 Qc5 22. Qg4 h5 23. Qe4 Qf2 24. Bf5 Rh6 25. Qa4 Kf8 26. Kb1 Qg3 27. Qxa7 Nf4 28. Qe3 Qg5 29. Bd7 Nxd5 30. Qxg5 fxg5 31. Bxe8 Kxe8 32. Re4 e5 33. c4 Nf4 34. c5 Nxg2 35. cxd6 Re6 36. Rd1 Kd7 37. Re2 Nf4 38. Rh2 h3 39. Rg1 Rg6 40. Rc2 g4 41. fxg4 hxg4 42. Rc7+ Kxd6 43. Rxb7 h2 44. Rd1+ Kc6 45. Ra7 Kb6 46. Rh7 g3 47. Kc2 e4 48. Re1 Nd3 49. Ra1 Rf6 50. Kd2 Rf3 51. a4 Nc5 52. a5+ Ka6 53. Rh6+ Kb5 54. Rh5 Kb4 55. Rh4 Nb3+ 56. Ke2 Rf2+ 57. Ke3 Nxa1 0-1